| 000 | 00800nam a2200265Ia 4500 | ||
|---|---|---|---|
| 003 | OSt | ||
| 005 | 20220918164338.0 | ||
| 006 | a|||||r|||| 00| 0 | ||
| 007 | ta | ||
| 008 | 220917b |||||||| |||| 00| 0 eng d | ||
| 020 | _a0521591600 | ||
| 024 | _a3,343 | ||
| 037 | _cTextual | ||
| 040 |
_aARTS _cARTS _beng |
||
| 041 |
_2eng _aeng |
||
| 082 | _aR3xL62:g, N8 | ||
| 100 |
_aZoller Gunter. _918446 |
||
| 245 | 0 |
_aFichte's transcendental philosophy _b The original duplicity of intelligence and will |
|
| 260 |
_aCambridge _bCUP _c1998 |
||
| 300 |
_axvii,169p _ccm. |
||
| 490 | _aModern European philosophy | ||
| 650 |
_aTRANSCENDENTALISM; PHILOSOPHERS; FICHTE, JOHANN GOTTLIEB _918447 |
||
| 942 |
_hR3xL62:g, N8 _cTEXL _2CC |
||
| 999 |
_c124356 _d124356 |
||